Billie Eilish - Une lettre, une chanson - Statistiques

Statistiques générales
  • Ce quiz a été pris 3 146 fois
  • Le résultat moyen est 14 sur 19
Statistiques - réponses
Hint Réponse % Correct
B Bored / bitches broken hearts / bellyache / bad guy / bury a friend / Billie Bossa Nova / BIRDS OF A FEATHER / BITTERSUITE / BLUE
94%
L lovely / Lo Vas A Olvidar / listen before I go / Lost Cause / LUNCH / L'AMOUR DE MA VIE
90%
W WHEN I WAS OLDER / What Was I Made For? / watch / wish you were gay / when the party's over / WILDFLOWER
89%
I idontwannabeyouanymore / ilomilo / I love you / I Didn't Change My Number
88%
C come out and play / COPYCAT / CHIHIRO
82%
T Therefore I Am / TV / The 30th / THE GREATEST / THE DINER
82%
H hotline / hostage / Halley's Comet / Happier Than Ever
80%
O ocean eyes / Oxytocin / OverHeated
77%
Chiffre 8
76%
X xanny
75%
N No Time To Die / Not My Responsibility / NDA
72%
M my boy / my strange addiction / my future / Male Fantasy
71%
S Six Feet Under / SKINNY
65%
Y you should see me in a crown / Your Power
65%
E everything I wanted / Everybody Dies
64%
G goodbye / Getting Older / GOLDWING/Guess
64%
A all the good girls go to hell
59%
P party favor
46%
Caractère spécial &burn
41%
Aucun quiz correspondant
Distribution des résultats
% des personnes avec chaque résultat
Percentile par nombre de réponses
Votre historique - résultats
Vous n’avez pas pris ce quiz